Literature and the Arts in Twentieth Century China
שמור ב:
| מחבר ראשי: | |
|---|---|
| פורמט: | ספר |
| שפה: | Undetermined |
| יצא לאור: |
New York
Garden City
1963
|
| נושאים: | |
| תגים: |
הוספת תג
אין תגיות, היה/י הראשונ/ה לתייג את הרשומה!
|
| Thư viện lưu trữ: | Trung tâm Học liệu Trường Đại học Cần Thơ |
|---|
| LEADER | 00496nam a2200181Ia 4500 | ||
|---|---|---|---|
| 001 | CTU_90302 | ||
| 008 | 210402s9999 xx 000 0 und d | ||
| 082 | |a 915.1 | ||
| 082 | |b S421 | ||
| 100 | |a Scott, A. C. | ||
| 245 | 0 | |a Literature and the Arts in Twentieth Century China | |
| 245 | 0 | |c A. C. Scott | |
| 260 | |a New York | ||
| 260 | |b Garden City | ||
| 260 | |c 1963 | ||
| 650 | |a China Intellectual life | ||
| 904 | |i Hiếu,Hải | ||
| 980 | |a Trung tâm Học liệu Trường Đại học Cần Thơ | ||